[Event "AUTO-ADV-4845"]
[Site "http://www.queenalice.com/game.php?id=1851548"]
[Date "2025.2.4"]
[Round "1"]
[White "profeta"]
[Black "altair"]
[Result "1-0"]
[WhiteElo "1635"]
[BlackElo "1691"]

1. e4 e5 2. Nf3 d6 3. Nc3 a6 4. d4 Nc6 5. dxe5 dxe5 6. Qxd8+ Kxd8 7. Ng5 Be6 8.
Nxe6+ fxe6 9. Bg5+ Be7 10. Bxe7+ Ngxe7 11. O-O-O+ Ke8 12. g3 b5 13. Bh3 Nd4 14.
Rhf1 h5 15. f4 b4 16. Na4 Rd8 17. Nc5 Ne2+ 18. Kb1 exf4 19. gxf4 Rxd1+ 20. Rxd1
Nxf4 21. Nxe6 Nxe6 22. Bxe6 Rh6 23. Bd7+ Kf7 24. b3 c5 25. c4 Nc6 26. Bc8 a5 27.
Rd7+ Kg8 28. Bb7 Ne5 29. Bd5+ Kh7 30. Re7 Ng4 31. e5 Nxh2 32. Be4+ Kg8 33. e6
Ng4 34. Re8# 1-0

[Event "AUTO-ADV-4845"]
[Site "http://www.queenalice.com/game.php?id=1851557"]
[Date "2025.2.4"]
[Round "1"]
[White "Carlos19"]
[Black "profeta"]
[Result "1-0"]
[WhiteElo "1708"]
[BlackElo "1687"]

1. e4 e5 2. Nf3 Nc6 3. Bc4 Nf6 4. Ng5 d5 5. exd5 Nxd5 6. d3 h6 7. Nf3 Bc5 8. O-O
a6 9. Bxd5 Qxd5 10. Nc3 Qe6 11. a3 Nd4 12. Nxd4 Bxd4 13. Ne2 O-O 14. Nxd4 exd4
15. Re1 Qd6 16. Qf3 g5 17. h3 c6 18. b4 a5 19. Bd2 a4 20. g4 b5 21. Qg3 Qxg3+
22. fxg3 Be6 23. Re4 Rad8 24. h4 Rd6 25. hxg5 hxg5 26. Bxg5 Bc8 27. Be7 Re6 28.
Bxf8 Rxe4 29. dxe4 Kxf8 30. g5 Kg7 31. Rf1 Kg6 32. e5 Bf5 33. Rf4 Kxg5 34. Rxd4
Bxc2 35. Rd7 Kg6 36. Rc7 Kf5 37. Rxc6 Kxe5 38. Rc5+ Kd4 39. Rxc2 f5 40. Rc5 Ke4
41. Rxb5 f4 42. gxf4 Kxf4 43. Rd5 Ke4 44. Rd8 Kf3 45. b5 Kf4 46. b6 Kf5 47. b7
Ke6 48. b8=Q Ke7 49. Qd6+ Kf7 50. Rd7+ Ke8 51. Qe7# 1-0

[Event "AUTO-ADV-4845"]
[Site "http://www.queenalice.com/game.php?id=1851558"]
[Date "2025.2.4"]
[Round "1"]
[White "profeta"]
[Black "Carlos19"]
[Result "0-1"]
[WhiteElo "1675"]
[BlackElo "1590"]

1. e4 e5 2. Nf3 Nc6 3. Nc3 Bc5 4. a3 Nf6 5. d4 exd4 6. Nxd4 Nxd4 7. Bg5 h6 8.
Be3 O-O 9. Nd5 Nxd5 10. exd5 Re8 11. Be2 d6 12. Bxd4 Qe7 13. O-O Bxd4 14. Qxd4
Qxe2 15. Rfe1 Qxe1+ 16. Rxe1 Rxe1# 0-1

[Event "AUTO-INT-3914"]
[Site "http://www.queenalice.com/game.php?id=1851572"]
[Date "2025.2.4"]
[Round "1"]
[White "StepPhil"]
[Black "profeta"]
[Result "1-0"]
[WhiteElo "1509"]
[BlackElo "1634"]

1. e4 e5 2. Bc4 Nf6 3. Qf3 Nc6 4. c3 Na5 5. Bb3 Nxb3 6. axb3 d5 7. d3 d4 8. h3
Bc5 9. b4 Be7 10. g4 h6 11. g5 hxg5 12. Bxg5 c5 13. b5 a5 14. bxa6 bxa6 15. c4
Qa5+ 16. Rxa5 Nd7 17. Bxe7 Kxe7 18. Nd2 f6 19. Qe2 Rb8 20. b3 Kd6 21. Ngf3 Nf8
22. Qf1 g5 23. h4 gxh4 24. Rxh4 Rxh4 25. Nxh4 Nh7 26. Nf5+ Bxf5 27. exf5 Rg8 28.
Ne4+ Kc7 29. Rxa6 Ng5 30. Nxf6 Nf3+ 31. Ke2 Rf8 32. Nd5+ Kb7 33. Qa1 Rxf5 34.
Ra7+ Kc8 35. Ne7+ Kd8 36. Nxf5 Nh2 37. Qa5+ Ke8 38. Qc7 Ng4 39. Qc8# 1-0

[Event "AUTO-INT-3914"]
[Site "http://www.queenalice.com/game.php?id=1851573"]
[Date "2025.2.4"]
[Round "1"]
[White "profeta"]
[Black "StepPhil"]
[Result "1/2-1/2"]
[WhiteElo "1613"]
[BlackElo "1530"]

1. e4 e5 2. Nf3 Qf6 3. d4 exd4 4. Qxd4 Nc6 5. Qxf6 Nxf6 6. Nc3 a6 7. a3 Bc5 8.
Nd5 Nxd5 9. exd5 Nd4 10. Nxd4 Bxd4 11. c3 Bb6 12. Bd3 d6 13. O-O O-O 14. Be3
Bxe3 15. fxe3 f6 16. Bf5 Re8 17. Bxc8 Raxc8 18. Rae1 c5 19. c4 b5 20. b3 Kf7 21.
e4 Re5 22. a4 b4 23. Rf5 Rce8 24. Rxe5 Rxe5 25. g3 f5 26. h3 fxe4 27. Rf1+ Ke7
28. Rf4 g5 29. Rf1 e3 30. g4 e2 31. Re1 Re3 32. Kf2 Rxh3 33. Rxe2+ Kd7 34. Kg2
Rxb3 35. Rf2 Ke7 36. Re2+ Kd7 37. Rf2 Ke7 38. Re2+ Kd7 1/2-1/2

[Event "AUTO-INT-3914"]
[Site "http://www.queenalice.com/game.php?id=1851590"]
[Date "2025.2.4"]
[Round "1"]
[White "profeta"]
[Black "Ruusgugg"]
[Result "1-0"]
[WhiteElo "1656"]
[BlackElo "1243"]

1. e4 e5 2. Nf3 d5 3. Nxe5 Qe7 4. d4 dxe4 5. Nc3 f6 6. Ng4 f5 7. Ne5 Nf6 8. Nd5
Nxd5 9. Qh5+ Kd8 10. Nf7+ Kd7 11. Qxf5+ Kc6 12. Ne5+ Kd6 13. Qxc8 Qf6 14. Nc4+
Kc6 15. Qe8+ Nd7 16. Ne5+ Kb6 17. Nxd7+ 1-0

[Event "AUTO-INT-3914"]
[Site "http://www.queenalice.com/game.php?id=1851591"]
[Date "2025.2.4"]
[Round "1"]
[White "Ruusgugg"]
[Black "profeta"]
[Result "0-1"]
[WhiteElo "1231"]
[BlackElo "1669"]

1. f4 d5 2. h3 Nf6 3. g4 Nc6 4. g5 Ne4 5. Rh2 e5 6. fxe5 Nxe5 7. d3 Nxg5 8. h4
Ne6 9. d4 Ng4 10. Rg2 h5 11. c3 Qxh4+ 12. Kd2 Nh2 13. Nf3 Nxf3+ 14. exf3 Nf4 15.
Rg1 Qf2+ 16. Be2 Nxe2 17. Kc2 Nxg1+ 18. Nd2 Nxf3 19. Kb1 Bf5+ 0-1

[Event "AUTO-INT-3914"]
[Site "http://www.queenalice.com/game.php?id=1851592"]
[Date "2025.2.4"]
[Round "1"]
[White "profeta"]
[Black "juim"]
[Result "1-0"]
[WhiteElo "1619"]
[BlackElo "1608"]

1. e4 d5 2. e5 e6 3. Nf3 Bc5 4. Nc3 Bb4 5. a3 Bxc3 6. dxc3 Ne7 7. c4 O-O 8. Bg5
h6 9. Bxe7 Qxe7 10. cxd5 exd5 11. Qxd5 Rd8 12. Qe4 Nc6 13. Bd3 g6 14. Nh4 Qxe5
15. Qxe5 Nxe5 16. Be4 Rd4 17. f3 f5 18. Rd1 Rc4 19. Rd8+ Kg7 20. Rd5 fxe4 21.
Rxe5 exf3 22. Nxf3 Kf6 23. O-O Rf4 24. Re8 g5 25. Rf8+ Kg6 26. Ne5+ Kh5 27. g4+
Bxg4 28. Rxa8 a6 29. Rxf4 gxf4 30. Nxg4 Kxg4 31. Rg8+ Kf3 32. h4 Ke3 33. Kf1 Kd2
34. Rg2+ Ke3 35. Re2+ Kf3 36. h5 c5 37. c4 Kg4 38. Re7 b5 39. Kf2 Kxh5 40. Re5+
Kg4 41. Rxc5 h5 42. cxb5 axb5 43. Rxb5 h4 44. Rb3 h3 45. Rxh3 Kxh3 46. b4 1-0

[Event "AUTO-INT-3914"]
[Site "http://www.queenalice.com/game.php?id=1851593"]
[Date "2025.2.4"]
[Round "1"]
[White "juim"]
[Black "profeta"]
[Result "1-0"]
[WhiteElo "1603"]
[BlackElo "1661"]

1. e4 e5 2. d4 exd4 3. Qxd4 Nc6 4. Qc3 d5 5. exd5 Qxd5 6. Nf3 Bb4 7. Bd2 Qe4+ 8.
Qe3 Qxe3+ 9. fxe3 Nf6 10. Bb5 a6 11. Bxc6+ bxc6 12. Bxb4 Rb8 13. Bc3 O-O 14.
Bxf6 gxf6 15. O-O Bg4 16. Nc3 Rxb2 17. h3 Bxf3 18. Rxf3 Rxc2 19. Na4 Rd8 20. Rf2
Rxf2 21. Kxf2 Rd2+ 22. Kf3 f5 23. Rc1 Rxa2 24. Nc3 Ra5 25. Ne2 c5 26. Nf4 c6 27.
Nh5 Rb5 28. Rd1 h6 29. Nf6+ Kg7 30. Ne8+ Kg6 31. Rd6+ Kg5 32. Rxc6 a5 33. g3 Rb1
34. Rxc5 a4 35. Rc6 Rf1+ 36. Kg2 Rd1 37. Kf2 h5 38. Ra6 Rd2+ 39. Kf3 Rd1 40. h4#
1-0

[Event "AUTO-OPEN-4574"]
[Site "http://www.queenalice.com/game.php?id=1851688"]
[Date "2025.2.7"]
[Round "1"]
[White "Canaye14"]
[Black "profeta"]
[Result "1-0"]
[WhiteElo "1936"]
[BlackElo "1658"]

1. d4 d5 2. Nf3 Nc6 3. Bf4 Nf6 4. h3 Nh5 5. Bh2 f6 6. e3 e6 7. c3 Bd6 8. Nbd2
Bxh2 9. Rxh2 a6 10. Bd3 g6 11. Qc2 Qd6 12. Bxg6+ hxg6 13. Qxg6+ Kd7 14. g4 Ng3
15. fxg3 Qxg3+ 16. Kd1 Re8 17. Rf2 Qxf2 18. Kc2 Qxe3 19. Re1 Qf4 20. h4 Na5 21.
h5 Nc4 22. h6 Nxd2 23. Nxd2 Kc6 24. Qxe8+ Kb6 25. h7 c5 26. h8=Q Qxg4 27. dxc5+
Kxc5 28. b4+ Kb6 29. Qxf6 Ka7 30. Qd4+ Qxd4 31. cxd4 b6 32. Nf3 Bb7 33. Qxe6 Rh8
34. Re2 Rh1 35. Ne5 Ra1 36. Nc6+ Bxc6 37. Qxc6 Rxa2+ 38. Kd3 Rxe2 39. Kxe2 a5
40. bxa5 bxa5 41. Kd3 a4 42. Qxd5 a3 43. Qa2 Kb6 44. Qxa3 Kc6 45. Qa5 Kd6 46.
Qe5+ Kc6 47. Kc4 Kb6 48. Qc5+ Ka6 49. Qb5+ Ka7 50. Kc5 Ka8 51. Kc6 Ka7 52. Qb7#
1-0

[Event "AUTO-OPEN-4574"]
[Site "http://www.queenalice.com/game.php?id=1851689"]
[Date "2025.2.7"]
[Round "1"]
[White "profeta"]
[Black "Canaye14"]
[Result "1-0"]
[WhiteElo "1661"]
[BlackElo "1922"]

1. e4 e6 2. d4 d5 3. e5 c5 4. Nc3 Nc6 5. Bb5 Qb6 6. Bxc6+ bxc6 7. dxc5 Bxc5 8.
Be3 d4 9. Na4 Qa5+ 10. Nc3 dxc3 11. b3 Bxe3 12. fxe3 Qxe5 13. Qd4 Qf6 14. O-O-O
Ba6 15. Qd7+ Kf8 16. Qxc6 Rd8 17. Qc5+ Ke8 18. Rxd8+ Kxd8 19. Qa5+ Ke7 20. Qxa6
Qf2 21. Qxa7+ Ke8 22. Qb8+ Kd7 23. Qb7+ Kd6 24. Qb4+ Kd7 25. Qxc3 Qxg2 26. Qd2+
Qxd2+ 27. Kxd2 Ne7 28. Nf3 f6 29. e4 Rc8 30. Rd1 g5 31. Kc1+ Ke8 32. Nd4 Kf7 33.
Kb2 h5 34. h3 Ng6 35. Nb5 Ke7 36. Na7 Rc7 37. Nb5 Rc5 38. a4 Ne5 39. b4 Rc4 40.
Rd4 Rxd4 41. Nxd4 Kd6 42. b5 Nc4+ 43. Kc3 Na5 44. Kb4 Nb7 45. a5 e5 46. Nf5+ Kc7
47. b6+ Kb8 48. a6 Nd8 49. Kc5 g4 50. a7+ Ka8 51. hxg4 hxg4 52. Kd6 Kb7 53. c4
Nc6 54. c5 Na5 55. Kd7 Ka8 56. c6 g3 57. c7 g2 58. c8=Q# 1-0

[Event "AUTO-OPEN-4574"]
[Site "http://www.queenalice.com/game.php?id=1851716"]
[Date "2025.2.7"]
[Round "1"]
[White "Capixaba789"]
[Black "profeta"]
[Result "1-0"]
[WhiteElo "1860"]
[BlackElo "1610"]

1. e4 e5 2. Bc4 Nf6 3. Nf3 Nc6 4. Ng5 d5 5. exd5 Nxd5 6. Nxf7 Kxf7 7. d4 Nxd4 8.
O-O g6 9. c3 b5 10. Bxd5+ Qxd5 11. cxd4 Qxd4 12. Qf3+ Kg7 13. Qxa8 Bf5 14. Qf3
Bd6 15. Nc3 e4 16. Qe2 Qe5 17. f4 Bc5+ 18. Kh1 Qd4 19. Bd2 Qc4 20. Qxc4 bxc4 21.
Rfe1 Rd8 22. Be3 Bxe3 23. Rxe3 c6 24. Rd1 Rb8 25. Rd2 h5 26. h3 Kh6 27. Nxe4
Bxe4 28. Rxe4 c3 29. bxc3 Rb1+ 30. Kh2 a5 31. a4 Rb3 32. Rd3 c5 33. Rc4 Ra3 34.
Rd5 g5 35. fxg5+ Kg6 36. Rdxc5 Ra1 37. Rxa5 h4 38. Rxh4 Rc1 39. Rh6+ Kg7 40.
Ra7+ Kg8 41. Rb6 Rxc3 42. Rb8+ Rc8 43. Rxc8# 1-0

[Event "AUTO-OPEN-4574"]
[Site "http://www.queenalice.com/game.php?id=1851717"]
[Date "2025.2.7"]
[Round "1"]
[White "profeta"]
[Black "Capixaba789"]
[Result "0-1"]
[WhiteElo "1604"]
[BlackElo "1866"]

1. e4 e5 2. Nf3 d6 3. Nc3 Be7 4. d4 exd4 5. Qxd4 Nf6 6. Bg5 O-O 7. e5 Nc6 8. Qd1
Nxe5 9. Nxe5 dxe5 10. Qxd8 Bxd8 11. O-O-O Bf5 12. Bxf6 Bxf6 13. Nd5 Bd8 14. Bc4
c6 15. Ne3 Bg6 16. Rd7 Kh8 17. Ng4 Bf5 18. Nxe5 Bxd7 19. Nxd7 Bg5+ 20. Kb1 Rfd8
21. Ne5 Rd4 22. Nxf7+ Kg8 23. Ne5+ Kf8 24. c3 Rd2 25. a3 Rxf2 26. Nd7+ Ke7 27.
Ne5 Bf6 28. Ng4 Rxg2 29. Nxf6 Kxf6 30. Rf1+ Ke5 31. Re1+ Kd6 32. Rd1+ Kc7 33. h4
Rh2 34. Rd4 g6 35. Rf4 Rh8 36. Rf7+ Kb6 37. Ka2 Rxh4 38. Kb3 a6 39. Re7 Rf4 40.
Re5 h6 41. Re6 g5 42. Kb4 a5+ 43. Kb3 h5 44. Re5 g4 45. Be2 h4 46. c4 g3 47. c5+
Ka7 48. a4 g2 49. Rg5 h3 0-1

[Event "AUTO-OPEN-4574"]
[Site "http://www.queenalice.com/game.php?id=1851734"]
[Date "2025.2.7"]
[Round "1"]
[White "kuntakinte"]
[Black "profeta"]
[Result "0-1"]
[WhiteElo "1808"]
[BlackElo "1653"]

1. e4 e5 2. Bc4 Nf6 3. d3 Nc6 4. Nf3 Bb4+ 5. c3 Bc5 6. b4 Bb6 7. Bg5 h6 8. Bh4
O-O 9. a4 a5 10. b5 Ne7 11. O-O d6 12. Bxf6 gxf6 13. Nh4 Ng6 14. Nf5 Bxf5 15.
exf5 Nh4 16. Qg4+ Kh7 17. Qxh4 d5 18. Bb3 d4 19. Qxf6 Qxf6 20. g4 Qg5 21. h3 h5
22. Kh1 hxg4 23. Rg1 dxc3 24. Nxc3 Bxf2 25. Rxg4 Qxf5 26. Bc2 Qf3+ 27. Kh2 f5
28. Bd1 Qxd3 29. Rg5 Qxc3 30. Rb1 Kh6 31. Rb3 Qd4 32. Rh5+ Kg6 33. Be2 Rh8 34.
Rd3 Qf4+ 35. Kg2 Rxh5 36. Rf3 Qd4 37. Rxf2 Rg5+ 38. Kf1 Qa1+ 0-1

[Event "AUTO-OPEN-4574"]
[Site "http://www.queenalice.com/game.php?id=1851735"]
[Date "2025.2.7"]
[Round "1"]
[White "profeta"]
[Black "kuntakinte"]
[Result "0-1"]
[WhiteElo "1672"]
[BlackElo "1802"]

1. e4 e5 2. d4 exd4 3. Qxd4 Nc6 4. Qd1 Ne5 5. Nc3 Bb4 6. a3 Bxc3+ 7. bxc3 c6 8.
Nf3 d6 9. Nxe5 dxe5 10. Qxd8+ Kxd8 11. Bc4 Ke7 12. O-O b5 13. Bd3 h6 14. a4 Bb7
15. axb5 Nf6 16. Ba3+ Kd7 17. Rad1 Kc7 18. Bc4 Nxe4 19. Bxf7 Rad8 20. Rxd8 Rxd8
21. c4 Nd6 22. Bxd6+ Rxd6 23. Ra1 cxb5 24. cxb5 a5 25. g3 Kb6 26. Rb1 Be4 27. c4
Bxb1 28. c5+ Kxc5 29. b6 Kxb6 30. Kg2 a4 31. h4 a3 32. g4 a2 33. Bxa2 Bxa2 34.
Kg3 Rf6 35. f3 Bd5 36. g5 Rxf3+ 37. Kg4 Rf4+ 38. Kg3 hxg5 39. hxg5 Rf8 40. Kg4
e4 41. Kh5 e3 42. Kg6 e2 43. Kh7 e1=Q 44. Kxg7 Rc8 45. Kf6 Qe6+ 46. Kg7 Rc7+ 47.
Kh8 Qe8# 0-1

[Event "AUTO-INT-3915"]
[Site "http://www.queenalice.com/game.php?id=1851764"]
[Date "2025.2.8"]
[Round "1"]
[White "tche_elvio"]
[Black "profeta"]
[Result "0-1"]
[WhiteElo "1531"]
[BlackElo "1622"]

1. e4 e5 2. g3 Nf6 3. Bg2 Nc6 4. c3 d5 5. Ne2 Nxe4 6. O-O Bg4 7. h3 Bxe2 8. Qxe2
Nf6 9. d3 Bd6 10. b4 h6 11. Be3 O-O 12. a4 b6 13. Nd2 a5 14. b5 Ne7 15. c4 Rb8
16. Ne4 dxe4 17. dxe4 Bc5 18. Bxc5 bxc5 19. Rad1 Qc8 20. Qe3 g5 21. g4 Rd8 22.
f4 Rxd1 23. Rxd1 c6 24. Qxc5 cxb5 25. Qxc8+ Rxc8 26. cxb5 Ng6 27. f5 Nf4 28. Re1
Nxg2 29. Kxg2 Rc4 30. Kf3 Rxa4 31. Re3 Rb4 32. Rc3 Rxb5 33. Rc8+ Kg7 34. Ra8 h5
35. gxh5 Nxh5 36. Kg4 Nf6+ 37. Kf3 Rb3+ 38. Kg2 Ra3 39. Kh2 Nxe4 40. Ra7 Kf6 0-1

[Event "AUTO-INT-3915"]
[Site "http://www.queenalice.com/game.php?id=1851765"]
[Date "2025.2.8"]
[Round "1"]
[White "profeta"]
[Black "tche_elvio"]
[Result "1-0"]
[WhiteElo "1609"]
[BlackElo "1544"]

1. e4 c5 2. Nc3 g6 3. e5 e6 4. Nf3 Bg7 5. d4 Ne7 6. Bg5 O-O 7. dxc5 Nbc6 8. Nb5
a6 9. Nd6 Nxe5 10. Nxc8 Rxc8 11. Nxe5 h6 12. Bxe7 Qxe7 13. Nd3 Rc6 14. Be2 d6
15. cxd6 Rxd6 16. c3 h5 17. O-O b5 18. a4 bxa4 19. Qxa4 Qc7 20. Rac1 Rfd8 21. g3
Qb7 22. b4 Qb5 23. Qxb5 axb5 24. Nc5 Bf8 25. Nb7 Rd2 26. Nxd8 Rxd8 27. Bxb5 f5
28. Kg2 Kg7 29. Rfd1 Rxd1 30. Rxd1 g5 31. Bd7 Kf6 32. b5 Bc5 33. Rb1 h4 34. gxh4
gxh4 35. f3 e5 36. Ra1 e4 37. fxe4 fxe4 38. Kh3 Kg5 39. Ra5 e3 40. b6 1-0

[Event "AUTO-INT-3915"]
[Site "http://www.queenalice.com/game.php?id=1851786"]
[Date "2025.2.8"]
[Round "1"]
[White "Carlos19"]
[Black "profeta"]
[Result "1-0"]
[WhiteElo "1681"]
[BlackElo "1664"]

1. e4 e5 2. Nf3 Nc6 3. Bc4 Nf6 4. Ng5 d5 5. exd5 Nxd5 6. d3 f6 7. Nf3 Bg4 8. h3
Bxf3 9. Qxf3 Nd4 10. Qd1 Nb4 11. Na3 b5 12. Bb3 a5 13. c3 Ndc2+ 14. Nxc2 Nxc2+
15. Bxc2 c5 16. a4 b4 17. cxb4 cxb4 18. O-O Rb8 19. b3 Qd4 20. Ra2 g6 21. Kh2
Qd6 22. g3 h5 23. h4 Bh6 24. Bxh6 Rxh6 25. Re1 Qd4 26. Re4 Qxf2+ 27. Kh3 Qf5+
28. Kg2 Kf7 29. d4 Qd7 30. dxe5 Qxd1 31. Bxd1 Ke6 32. exf6+ Kxf6 33. Rf2+ Kg7
34. Re7+ Kg8 35. Re6 Rd8 36. Be2 Rh7 37. Bc4 Kg7 38. Ra6 Kh6 39. Rxa5 Rd2 40.
Rxd2 1-0

[Event "AUTO-INT-3915"]
[Site "http://www.queenalice.com/game.php?id=1851787"]
[Date "2025.2.8"]
[Round "1"]
[White "profeta"]
[Black "Carlos19"]
[Result "0-1"]
[WhiteElo "1653"]
[BlackElo "1664"]

1. e4 e5 2. d4 Bd6 3. d5 Nf6 4. Nc3 c5 5. Nf3 a6 6. Bg5 h6 7. Bxf6 Qxf6 8. h4 b5
9. g4 g6 10. h5 b4 11. Na4 Bc7 12. Nxc5 a5 13. a4 bxa3 14. Rxa3 Bd6 15. b4 Bc7
16. b5 g5 17. Qd2 d6 18. Qe3 dxc5 19. Qxc5 Qd8 20. b6 Bxb6 21. Bb5+ Nd7 22.
Bxd7+ Bxd7 23. Qd6 Bc7 24. Qc5 Bb6 25. Qc4 f6 26. Nh2 Rc8 27. Qe2 O-O 28. O-O
Ra8 29. d6 Bc5 30. Qc4+ Rf7 31. Qxc5 a4 32. Rb1 Rc8 33. Qa7 Kg7 34. Rb2 Ra8 35.
Qe3 Qc8 36. Nf3 Bxg4 37. Nd2 Bxh5 38. Kh2 Rd7 39. Qh3 Bf7 40. c4 Rxd6 41. Qxc8
Rxc8 42. Rxa4 Rd4 43. Ra7 Kg6 44. Nf3 Rxe4 45. Rbb7 Rf8 46. Rb6 Bxc4 47. Nd2
Rh4+ 48. Kg3 Rc8 49. f3 h5 50. Rbb7 Kf5 51. Rb6 Bd5 52. Raa6 Rf8 53. Ne4 Bxe4
54. fxe4+ Rxe4 55. Rb3 h4+ 56. Kf3 g4+ 57. Kg2 Kf4 58. Ra2 Rh8 59. Rf2+ Kg5 60.
Rb1 h3+ 61. Kh1 g3 62. Rf3 Rg4 63. Rg1 Kh4 64. Rxf6 h2 65. Rg2 Re4 66. Rf1 Rd8
67. Rc2 Red4 68. Rg2 Rd1 69. Rxd1 Rxd1+ 70. Rg1 Rxg1# 0-1

[Event "AUTO-ADV-4851"]
[Site "http://www.queenalice.com/game.php?id=1853620"]
[Date "2025.3.10"]
[Round "1"]
[White "Connor"]
[Black "profeta"]
[Result "1-0"]
[WhiteElo "1879"]
[BlackElo "1593"]

1. d4 d5 2. e3 Nf6 3. Nf3 Nc6 4. c4 dxc4 5. Bxc4 Bg4 6. O-O e5 7. Be2 exd4 8.
exd4 Nxd4 9. Nxd4 Bxe2 10. Nxe2 Qxd1 11. Rxd1 Rd8 12. Rxd8+ Kxd8 13. Nbc3 Bd6
14. Bf4 Bxf4 15. Nxf4 Re8 16. f3 c6 17. Kf2 g5 18. Nd3 Kc7 19. h3 h5 20. Nc5 Re5
21. N5e4 Nxe4+ 22. Nxe4 f5 23. Nxg5 Kb8 24. Re1 Rc5 25. Ne6 Rc2+ 26. Re2 Rc1 27.
Ng7 Rc4 28. Nxf5 Rf4 29. g4 hxg4 30. hxg4 b5 31. Re4 Rxe4 32. fxe4 Kc8 33. Ne7+
Kd7 34. Nxc6 Kxc6 35. g5 Kd7 36. Kf3 Ke7 37. Kf4 a5 38. Kf5 b4 39. e5 a4 40. g6
b3 41. axb3 axb3 42. e6 Kf8 43. Kf6 Kg8 44. e7 Kh8 45. e8=Q# 1-0

[Event "AUTO-ADV-4851"]
[Site "http://www.queenalice.com/game.php?id=1853621"]
[Date "2025.3.10"]
[Round "1"]
[White "profeta"]
[Black "Connor"]
[Result "0-1"]
[WhiteElo "1598"]
[BlackElo "1874"]

1. e4 e5 2. Nf3 d6 3. Nc3 Be7 4. Nd5 Nf6 5. Nxf6+ Bxf6 6. d4 exd4 7. Nxd4 Bd7 8.
Nf5 O-O 9. Qg4 Re8 10. Nh6+ Kh8 11. Nxf7+ Kg8 12. Qh5 Qe7 13. Bd3 Qxf7 14. Qxf7+
Kxf7 15. O-O Nc6 16. Bb5 Rxe4 17. f3 Rb4 18. Bxc6 Bxc6 19. c3 Rb5 20. a4 Re5 21.
f4 Re2 22. h3 Rxg2+ 23. Kh1 Rxb2+ 24. Kg1 Rg2+ 25. Kh1 Ra2+ 26. Kg1 Rxa1 27. Kf2
Bxc3 28. Ke2 Bxa4 29. Kd3 Bb2 30. f5 Bxc1 31. Rf4 Bxf4 0-1

[Event "AUTO-INT-3922"]
[Site "http://www.queenalice.com/game.php?id=1853669"]
[Date "2025.3.10"]
[Round "1"]
[White "profeta"]
[Black "Rocio"]
[Result "1-0"]
[WhiteElo "1588"]
[BlackElo "1531"]

1. e4 e5 2. Nf3 h6 3. Nxe5 Bb4 4. Qf3 Nf6 5. a3 Bd6 6. d4 Qe7 7. Bc4 a6 8. Bxf7+
Kf8 9. Ng6+ Kxf7 10. Nxe7 Bxe7 11. e5 Ke6 12. Nc3 Kf7 13. exf6 gxf6 14. Nd5 Nc6
15. Nxe7 Nxe7 16. O-O d5 17. Qh5+ Ke6 18. Re1+ Kd6 19. Bf4+ Kc6 20. Rxe7 Kb6 21.
Bxc7+ Ka7 22. Qxd5 Bg4 23. Qc5+ b6 24. Qxb6# 1-0

[Event "AUTO-INT-3922"]
[Site "http://www.queenalice.com/game.php?id=1853670"]
[Date "2025.3.10"]
[Round "1"]
[White "Rocio"]
[Black "profeta"]
[Result "0-1"]
[WhiteElo "1517"]
[BlackElo "1624"]

1. e4 e5 2. Nf3 Nc6 3. Nc3 Nf6 4. Bb5 a6 5. Bc4 Na5 6. Bd3 Bb4 7. a3 Bxc3 8.
bxc3 d5 9. Nxe5 dxe4 10. Be2 O-O 11. d4 Nd5 12. Rb1 Nxc3 13. Qd2 Nxb1 14. Qxa5
b6 15. Qb4 e3 16. Qxb1 exf2+ 17. Kxf2 Qxd4+ 18. Be3 Qxe5 19. Qb3 Qf5+ 20. Bf3
Rb8 21. h3 Be6 22. Qc3 c5 23. Re1 Bd5 24. Ke2 Bxf3+ 25. gxf3 Qxh3 26. Rd1 Qh2+
27. Kd3 Rbd8+ 28. Ke4 Rxd1 29. Bf4 Qe2+ 30. Be3 Re8+ 31. Kf4 Qh2+ 32. Kg4 h5+
33. Kg5 Qg3+ 34. Kf5 Rd5+ 35. Qe5 Qxe5# 0-1